Presentació del desenvolupament del projecte complet del model de gestió integral i descentralitzada del patrimoni de la Diputació de Barcelona
Publicado:
[Barcelona] :
Diputació de Barcelona, Àrea de Règim Interior, Hisenda i Planificació, [2001]
Descripción Física:
[57] p. : il., taules, gràf ; 30 cm
MARC
| LEADER | 00000nam a2200000Ia 4500 | ||
|---|---|---|---|
| 001 | 16770 | ||
| 008 | 160829s9999 xx 000 0 cat d | ||
| 080 | |a M-5-88 | ||
| 245 | |a Presentació del desenvolupament del projecte complet del model de gestió integral i descentralitzada del patrimoni de la Diputació de Barcelona | ||
| 260 | |a [Barcelona] : |b Diputació de Barcelona, Àrea de Règim Interior, Hisenda i Planificació, [2001] | ||
| 300 | |a [57] p. : |b il., taules, gràf ; |c 30 cm | ||
| 590 | |a A la coberta: Servei de Contractació i Inventari, Servei d'Informàtica i Telecomunicacions | ||
| 650 | |a Patrimoni |x Gestió |x Barcelona (Província) |9 21965 | ||
| 710 | |a Barcelona (Catalunya : Província). |b Àrea de Règim Interior, Hisenda i Planificació |9 53667 | ||
| 901 | |a Arxiu | ||
| 942 | |n 1 | ||
| 952 | |0 0 |1 0 |4 0 |6 M588 |7 1 |9 41966 |a Arxiu |b Arxiu |d 2016-12-01 |l 0 |o M-5-88 |p 16770 |r 2016-12-01 00:00:00 |w 2016-12-01 |y ARXIU | ||
| 999 | |c 44413 |d 44413 | ||